[Event "Bogota Superate Intercol Adv-B (Women)"]
[Site "Bogota"]
[Date "2014.10.28"]
[Round "8.8"]
[White "Jaramillo, Laura"]
[Black "Rios Franco, Lina Paola"]
[Result "0-1"]
[WhiteElo "1564"]
[BlackElo "1321"]
[PlyCount "46"]
[EventDate "2014.10.28"]
[EventType "swiss (blitz)"]
[EventRounds "8"]
[EventCountry "COL"]
[SourceTitle "EXT 2024"]
[Source "ChessBase"]
[SourceDate "2023.10.10"]
[SourceVersion "1"]
[SourceVersionDate "2023.10.10"]
[SourceQuality "1"]

1. e4 e5 2. Nf3 Nc6 3. Nc3 Bc5 4. Bc4 Nf6 5. d3 h6 6. 0-0 0-0 7. h3 d6 8. a3 Be6 9. Bxe6 fxe6 10. Re1 d5 11. exd5 exd5 12. Be3 d4 13. Bxd4 exd4 14. Ne4 Bb6 15. c3 Nxe4 16. Rxe4 dxc3 17. bxc3 Qf6 18. d4 Rae8 19. Qd3 Rxe4 20. Qxe4 Qf7 21. Rc1 Re8 22. Ne5 Nxe5 23. dxe5 Qxf2+ 0-1

[Event "Bogota Superate Intercol Adv-B (Women)"]
[Site "Bogota"]
[Date "2014.10.28"]
[Round "6.7"]
[White "Jaramillo, Laura"]
[Black "Rocha, Angelly"]
[Result "0-1"]
[WhiteElo "1564"]
[BlackElo "1494"]
[PlyCount "104"]
[EventDate "2014.10.28"]
[EventType "swiss (blitz)"]
[EventRounds "8"]
[EventCountry "COL"]
[SourceTitle "EXT 2024"]
[Source "ChessBase"]
[SourceDate "2023.10.10"]
[SourceVersion "1"]
[SourceVersionDate "2023.10.10"]
[SourceQuality "1"]

1. e4 e5 2. Nf3 Nc6 3. Nc3 Nf6 4. Bc4 Bc5 5. d3 h6 6. 0-0 d6 7. h3 0-0 8. Re1 Re8 9. Be3 Bxe3 10. Rxe3 Nd4 11. Rc1 Bd7 12. Nd5 Nxd5 13. Bxd5 Rb8 14. Nxd4 exd4 15. Rf3 Re7 16. Qd2 c6 17. Bc4 Qc7 18. Re1 Rbe8 19. c3 dxc3 20. bxc3 b5 21. Bb3 Be6 22. d4 Bxb3 23. axb3 Rd8 24. e5 dxe5 25. Rfe3 exd4 26. cxd4 Rxe3 27. Qxe3 Qd7 28. Rd1 c5 29. d5 Qf5 30. Qxc5 a6 31. g4 Qf3 32. Qd4 Qxb3 33. Rd3 Qc4 34. d6 Qxd4 35. Rxd4 Kf8 36. Kf1 Ke8 37. d7+ Rxd7 38. Rxd7 Kxd7 39. Ke2 Kc6 40. Ke3 a5 41. Kd3 Kc5 42. f4 Kb4 43. Kc2 a4 44. Kb2 a3+ 45. Ka2 Ka4 46. g5 hxg5 47. fxg5 b4 48. h4 b3+ 49. Kb1 Kb4 50. h5 Kc3 51. h6 b2 52. hxg7 Kb3 0-1

[Event "Bogota Superate Intercol Adv-B (Women)"]
[Site "Bogota"]
[Date "2014.10.28"]
[Round "7.7"]
[White "Lopez Basante, Elizabeth Crist"]
[Black "Jaramillo, Laura"]
[Result "1-0"]
[WhiteElo "1478"]
[BlackElo "1564"]
[PlyCount "51"]
[EventDate "2014.10.28"]
[EventType "swiss (blitz)"]
[EventRounds "8"]
[EventCountry "COL"]
[SourceTitle "EXT 2024"]
[Source "ChessBase"]
[SourceDate "2023.10.10"]
[SourceVersion "1"]
[SourceVersionDate "2023.10.10"]
[SourceQuality "1"]

1. d4 d5 2. e3 Nc6 3. c4 dxc4 4. Bxc4 Nf6 5. Qc2 a6 6. Nc3 g6 7. Nf3 Bf5 8. Bd3 e6 9. a3 Bd6 10. Bd2 0-0 11. h3 Re8 12. g4 Bxd3 13. Qxd3 b5 14. Ne4 Nxe4 15. Qxe4 Qd7 16. Rc1 Ne7 17. Ne5 Bxe5 18. Qxe5 Nd5 19. e4 f6 20. Qg3 Nb6 21. Rxc7 Qd8 22. Qc3 Rc8 23. Rxc8 Qxc8 24. 0-0 Na4 25. Qxc8 Rxc8 26. b3 1-0

[Event "Bogota Superate Intercol Adv-B (Women)"]
[Site "Bogota"]
[Date "2014.10.28"]
[Round "5.7"]
[White "Rincon Lopez, Sandra Margarita"]
[Black "Jaramillo, Laura"]
[Result "0-1"]
[WhiteElo "1555"]
[BlackElo "1564"]
[PlyCount "64"]
[EventDate "2014.10.28"]
[EventType "swiss (blitz)"]
[EventRounds "8"]
[EventCountry "COL"]
[SourceTitle "EXT 2024"]
[Source "ChessBase"]
[SourceDate "2023.10.10"]
[SourceVersion "1"]
[SourceVersionDate "2023.10.10"]
[SourceQuality "1"]

1. d4 d5 2. Nf3 Nc6 3. Nc3 Bf5 4. Bf4 Nf6 5. e3 a6 6. Bd3 e6 7. Bxf5 exf5 8. 0-0 Ne4 9. Nxe4 fxe4 10. Ne5 Nxe5 11. Bxe5 Qe7 12. f3 0-0-0 13. fxe4 dxe4 14. Qg4+ Kb8 15. Qxe4 f6 16. Bxf6 Qxe4 17. Bxd8 Qxe3+ 18. Kh1 Qxd4 19. Rad1 Qxb2 20. Rd7 Qxc2 21. h3 Qc6 22. Rff7 Bd6 23. Bxc7+ Bxc7 24. Rxc7 Qxc7 25. Rxc7 Kxc7 26. Kh2 Rf8 27. Kg3 b5 28. a3 a5 29. Kh2 b4 30. axb4 axb4 31. Kg3 b3 32. Kh2 b2 0-1

[Event "Bogota IRT Categoria B U17 Girls"]
[Site "Bogota"]
[Date "2013.10.23"]
[Round "3.9"]
[White "Rincon Lopez, Sandra Margarita"]
[Black "Jaramillo, Laura"]
[Result "1-0"]
[WhiteElo "1571"]
[BlackElo "1600"]
[PlyCount "35"]
[EventDate "2013.10.22"]
[EventType "swiss"]
[EventRounds "5"]
[EventCountry "COL"]
[SourceTitle "EXT 2024"]
[Source "ChessBase"]
[SourceDate "2023.10.10"]
[SourceVersion "1"]
[SourceVersionDate "2023.10.10"]
[SourceQuality "1"]

1. d4 Nc6 2. Nf3 e6 3. Bf4 d6 4. e3 e5 5. dxe5 dxe5 6. Qxd8+ Kxd8 7. Nxe5 Nxe5 8. Bxe5 Bf5 9. Bd3 f6 10. Bxf5 fxe5 11. Nc3 Bb4 12. 0-0-0+ Bd6 13. Nb5 Ke7 14. Nxd6 cxd6 15. f4 Nh6 16. Bh3 exf4 17. exf4 Rhf8 18. g3 1-0